00641cam a2200229 a 4500001000700000003000400007005001700011008004100028010001700069020002500086040002500111050001500136082002300151245005700174260003600231300002100267504004100288600002200329650001400351700002200365700002400387426435OSt20190328172920.0811001s1982 ilu b 010 0 eng  a 81016888  a0802492274 :c$12.95 aDLCcDLCdDLCdOCoLC00aBR50b.W3300aREF 230219bC187W00aWalvoord, a tribute /cedited by Donald K. Campbell. aChicago :bMoody Press,cc1982. a353 p. ;c24 cm. aIncludes bibliographical references.10aWalvoord, John F. 0aTheology.1 aWalvoord, John F.1 aCampbell, Donald K.